[Event "Saratov Region-ch"]
[Site "Saratov"]
[Date "2016.12.22"]
[Round "8"]
[White "Kvitka, Roman"]
[Black "Aleev, Aleksandr"]
[Result "1/2-1/2"]
[WhiteElo "2122"]
[BlackElo "1960"]
[PlyCount "71"]
[EventDate "2016.12.15"]
[EventType "swiss"]
[EventRounds "9"]
[EventCountry "RUS"]
[SourceTitle "EXT 2018"]
[Source "ChessBase"]
[SourceDate "2017.10.13"]
[SourceVersion "1"]
[SourceVersionDate "2017.10.13"]
[SourceQuality "1"]

1. d4 d5 2. c4 c6 3. Nf3 g6 4. Nc3 Bg7 5. Bf4 Nf6 6. e3 0-0 7. Be2 Ne4 8. Rc1 Bg4 9. 0-0 Nxc3 10. Rxc3 Nd7 11. cxd5 cxd5 12. Qb3 e5 13. dxe5 Nxe5 14. Bxe5 Bxe5 15. Nxe5 Bxe2 16. Re1 Ba6 17. Rd1 Qe7 18. Rxd5 Rad8 19. Rcc5 b6 20. Rxd8 Rxd8 21. Rd5 Rc8 22. f4 Rc1+ 23. Rd1 Rxd1+ 24. Qxd1 Qb4 25. Qc1 Bb7 26. a3 Qe4 27. Nf3 Qe6 28. Ne5 Qa2 29. Qc2 Qd5 30. e4 Qc5+ 31. Qxc5 bxc5 32. Nd7 c4 33. Kf2 Kg7 34. Ke3 f5 35. Nc5 Bc6 36. g4 1/2-1/2

[Event "Saratov Region-ch"]
[Site "Saratov"]
[Date "2016.12.21"]
[Round "7"]
[White "Stepanov, Nikolay2222"]
[Black "Kvitka, Roman"]
[Result "0-1"]
[WhiteElo "1881"]
[BlackElo "2122"]
[PlyCount "64"]
[EventDate "2016.12.15"]
[EventType "swiss"]
[EventRounds "9"]
[EventCountry "RUS"]
[SourceTitle "EXT 2018"]
[Source "ChessBase"]
[SourceDate "2017.10.13"]
[SourceVersion "1"]
[SourceVersionDate "2017.10.13"]
[SourceQuality "1"]

1. e4 c5 2. Nf3 e6 3. Nc3 a6 4. g3 Qc7 5. Bg2 Nc6 6. 0-0 Nf6 7. Re1 d6 8. d4 cxd4 9. Nxd4 Bd7 10. Be3 Be7 11. Nxc6 Bxc6 12. a4 0-0 13. a5 Rac8 14. f4 Nd7 15. Bd4 Rfe8 16. Qg4 Bf8 17. h4 e5 18. Bf2 Nf6 19. Qd1 exf4 20. gxf4 h5 21. Bf3 g6 22. Bg3 Bg7 23. f5 Rcd8 24. fxg6 fxg6 25. Nd5 Bxd5 26. exd5 Rxe1+ 27. Bxe1 Nd7 28. c3 Rf8 29. Bg2 Ne5 30. Bf2 Ng4 31. Bd4 Qe7 32. Bxg7 Qe3+ 0-1

[Event "Saratov Region-ch"]
[Site "Saratov"]
[Date "2016.12.17"]
[Round "3"]
[White "Kvitka, Roman"]
[Black "Kharitonova, Irina"]
[Result "1-0"]
[WhiteElo "2122"]
[BlackElo "1386"]
[PlyCount "139"]
[EventDate "2016.12.15"]
[EventType "swiss"]
[EventRounds "9"]
[EventCountry "RUS"]
[SourceTitle "EXT 2018"]
[Source "ChessBase"]
[SourceDate "2017.10.13"]
[SourceVersion "1"]
[SourceVersionDate "2017.10.13"]
[SourceQuality "1"]

1. d4 d5 2. c4 e6 3. g3 Nf6 4. Nf3 dxc4 5. Bg2 a6 6. a4 Nbd7 7. 0-0 c5 8. Nbd2 cxd4 9. Nxc4 Qc7 10. Qxd4 Bc5 11. Qc3 0-0 12. Bf4 Qd8 13. Qb3 Nd5 14. Bd2 b6 15. e4 N5f6 16. e5 Nd5 17. Rac1 Bb7 18. Rfd1 Qe7 19. Bg5 f6 20. exf6 N7xf6 21. Re1 h6 22. Bd2 Ng4 23. Re2 Qf6 24. h3 Nxf2 25. Rxf2 Bxf2+ 26. Kxf2 Qd4+ 27. Be3 Nxe3 28. Qxe3 Qxe3+ 29. Nxe3 Rf7 30. Ke2 Raf8 31. Rf1 a5 32. Ne5 Ba6+ 33. N3c4 Rxf1 34. Bxf1 Rf5 35. Ke1 Bxc4 36. Nxc4 b5 37. axb5 Rxb5 38. Kd2 a4 39. Bd3 Rb4 40. Kc3 Rb3+ 41. Kc2 Kf8 42. Nd2 Rb6 43. Kc3 Rb7 44. Bc2 Rc7+ 45. Nc4 Rf7 46. Be4 Ra7 47. Kb4 Rc7 48. h4 Rc8 49. Bc2 e5 50. Bxa4 e4 51. Bc2 Re8 52. Ne3 Kf7 53. Kc4 Kf6 54. Kd4 Rb8 55. Nc4 Kf5 56. Ne3+ Kf6 57. b3 Rb4+ 58. Kc5 Rb8 59. b4 Ke5 60. Ba4 Rf8 61. Nc4+ Ke6 62. Bd1 Rb8 63. Bg4+ Kf6 64. b5 g6 65. b6 h5 66. Bd7 Ke7 67. Bc6 Rxb6 68. Kxb6 Ke6 69. Bxe4 Kf6 70. Kc5 1-0

[Event "Saratov Region-ch"]
[Site "Saratov"]
[Date "2016.12.16"]
[Round "2"]
[White "Biryukov, Dmitriy"]
[Black "Kvitka, Roman"]
[Result "1/2-1/2"]
[WhiteElo "2331"]
[BlackElo "2122"]
[PlyCount "80"]
[EventDate "2016.12.15"]
[EventType "swiss"]
[EventRounds "9"]
[EventCountry "RUS"]
[SourceTitle "EXT 2018"]
[Source "ChessBase"]
[SourceDate "2017.10.13"]
[SourceVersion "1"]
[SourceVersionDate "2017.10.13"]
[SourceQuality "1"]

1. e4 e5 2. Nf3 Nc6 3. Bb5 Nf6 4. d3 Bc5 5. Bxc6 dxc6 6. Qe2 Qe7 7. Nbd2 Bd6 8. Nc4 c5 9. a4 0-0 10. 0-0 Nd7 11. b3 Nb8 12. Bb2 Nc6 13. Ne3 Nd4 14. Nxd4 cxd4 15. Nc4 c5 16. Bc1 Bc7 17. f4 exf4 18. Bxf4 Bxf4 19. Rxf4 Be6 20. Nd2 Rae8 21. Raf1 f6 22. Qf2 b6 23. Qg3 a6 24. Nf3 b5 25. axb5 axb5 26. Nh4 Ra8 27. Nf5 Bxf5 28. Rxf5 Ra2 29. e5 Rxc2 30. exf6 Qe3+ 31. Qxe3 dxe3 32. f7+ Kh8 33. Re5 g6 34. Rxe3 Kg7 35. Re7 Rc3 36. Rf3 Rxb3 37. Rc7 c4 38. dxc4 Rxf3 39. gxf3 bxc4 40. Rxc4 Rxf7 1/2-1/2

[Event "Saratov Regional-ch"]
[Site "Saratov"]
[Date "2015.12.13"]
[Round "9"]
[White "Lingur, Zalina"]
[Black "Kvitka, Roman"]
[Result "0-1"]
[WhiteElo "2093"]
[BlackElo "2139"]
[PlyCount "98"]
[EventDate "2015.12.05"]
[EventType "swiss"]
[EventRounds "9"]
[EventCountry "RUS"]
[SourceTitle "EXT 2017"]
[Source "ChessBase"]
[SourceDate "2016.10.25"]
[SourceVersion "1"]
[SourceVersionDate "2016.10.25"]
[SourceQuality "1"]

1. e4 e5 2. Nf3 Nc6 3. Bb5 Nf6 4. 0-0 Nxe4 5. Re1 Nd6 6. Nxe5 Nxe5 7. Rxe5+ Be7 8. Bf1 0-0 9. d4 Bf6 10. Re1 Nf5 11. d5 d6 12. Nd2 c6 13. Ne4 Be5 14. c3 Qb6 15. Bc4 g6 16. a4 a5 17. Bg5 h6 18. Bf6 Bxf6 19. Nxf6+ Kg7 20. Ne8+ Kg8 21. dxc6 Qxc6 22. Bd5 Qb6 23. g4 Nh4 24. Qd2 Be6 25. Nf6+ Kg7 26. g5 hxg5 27. Qxg5 Rh8 28. Ng4 Bxd5 29. Qxd5 Rh5 30. Qe4 Rah8 31. Kf1 Nf5 32. Rad1 Rh4 33. Qf4 Qc6 34. Re4 R8h5 35. Rde1 Qd5 36. Qf3 Rh3 37. Qe2 Nh4 38. c4 Qf5 39. Qd2 Nf3 40. Qxd6 Nxh2+ 41. Nxh2 Rxh2 42. Qd4+ Kh7 43. Re8 Rh1+ 44. Ke2 Qc2+ 45. Qd2 Qxc4+ 46. Kd1 Rxe1+ 47. Qxe1 Rd5+ 48. Qd2 Qxa4+ 49. Kc1 Rxd2 0-1

[Event "Saratov Regional-ch"]
[Site "Saratov"]
[Date "2015.12.10"]
[Round "5"]
[White "Raisov, Idris"]
[Black "Kvitka, Roman"]
[Result "0-1"]
[WhiteElo "2037"]
[BlackElo "2139"]
[PlyCount "106"]
[EventDate "2015.12.05"]
[EventType "swiss"]
[EventRounds "9"]
[EventCountry "RUS"]
[SourceTitle "EXT 2017"]
[Source "ChessBase"]
[SourceDate "2016.10.25"]
[SourceVersion "1"]
[SourceVersionDate "2016.10.25"]
[SourceQuality "1"]

1. d4 Nf6 2. Nf3 e6 3. c4 b6 4. g3 Bb4+ 5. Bd2 Be7 6. Bg2 Ba6 7. 0-0 Bxc4 8. Nc3 c6 9. Re1 d5 10. Ne5 Ba6 11. Qa4 Bb7 12. Rac1 0-0 13. b4 Nfd7 14. Nd3 a5 15. b5 c5 16. dxc5 Nxc5 17. Nxc5 Bxc5 18. Qg4 f5 19. Qh5 Nd7 20. Na4 Nf6 21. Qh4 Be7 22. Qd4 Nd7 23. Qe3 e5 24. Red1 Kh8 25. Qb3 Nc5 26. Nxc5 bxc5 27. a4 e4 28. e3 Qb6 29. Bc3 Rac8 30. Qb2 Bf6 31. Bh3 d4 32. exd4 cxd4 33. Be1 g6 34. Rxc8 Rxc8 35. Qd2 Bd5 36. Rc1 Rxc1 37. Qxc1 Be6 38. Qc6 Qxc6 39. bxc6 Bd8 40. Bf1 Kg7 41. Bd2 d3 42. Bf4 Kf7 43. Bg2 g5 44. Be3 Bd5 45. c7 Bxc7 46. Bxg5 Ke6 47. Kf1 Bc6 48. Ke1 Bxa4 49. g4 Bc6 50. gxf5+ Kxf5 51. h4 a4 52. Bh3+ Ke5 53. Kd1 Bb6 0-1

[Event "Saratov Regional-ch"]
[Site "Saratov"]
[Date "2014.12.14"]
[Round "9"]
[White "Raisov, Idris"]
[Black "Kvitka, Roman"]
[Result "1/2-1/2"]
[WhiteElo "2049"]
[BlackElo "2140"]
[PlyCount "131"]
[EventDate "2014.12.06"]
[EventType "swiss"]
[EventRounds "9"]
[EventCountry "RUS"]
[SourceTitle "CBM 164 Extra"]
[Source "ChessBase"]
[SourceDate "2015.03.02"]
[SourceVersion "1"]
[SourceVersionDate "2015.03.02"]
[SourceQuality "1"]

1. Nf3 d5 2. g3 Nf6 3. Bg2 Bf5 4. 0-0 c6 5. c4 e6 6. cxd5 exd5 7. Nc3 Be7 8. d4 0-0 9. Nh4 Be6 10. Qc2 Re8 11. a3 Nbd7 12. Nf3 h6 13. b4 Nb6 14. Ne5 a5 15. b5 cxb5 16. Nxb5 Rc8 17. Qd3 Nc4 18. f4 a4 19. f5 Bd7 20. Nc3 Nxe5 21. dxe5 Bc5+ 22. Kh1 Rxe5 23. Nxd5 Nxd5 24. Bb2 Re3 25. Qxd5 Rxe2 26. Rad1 Rxg2 27. Qxg2 Bc6 28. Rxd8+ Rxd8 29. Qxc6 bxc6 30. Rc1 Rd5 31. f6 g5 32. Rc2 Kh7 33. g4 Kg6 34. Kg2 Bf8 35. Kf3 Rb5 36. Bd4 c5 37. Bb2 Rb3+ 38. Ke4 h5 39. gxh5+ Kxh5 40. Kd5 Kg6 41. Rf2 g4 42. Rg2 Kf5 43. Rf2+ Rf3 44. Re2 Rd3+ 45. Kc4 Rb3 46. Rf2+ Ke4 47. Rg2 Kf4 48. Rf2+ Rf3 49. Re2 Rb3 50. Rf2+ Kg5 51. Bc1+ Kg6 52. Rf4 Kh5 53. Rf5+ Kg6 54. Rf4 Rb1 55. Rxg4+ Kxf6 56. Rg1 Ke6 57. Be3 Rb3 58. Re1 Kd7 59. Bxc5 Bxc5 60. Kxc5 Rxa3 61. Kb4 Ra2 62. Rh1 Ke6 63. h4 Kf6 64. h5 Kg7 65. h6+ Kh7 66. Rf1 1/2-1/2

[Event "Saratov Regional-ch"]
[Site "Saratov"]
[Date "2014.12.10"]
[Round "5"]
[White "Dmitriev, Igor"]
[Black "Kvitka, Roman"]
[Result "0-1"]
[WhiteElo "2279"]
[BlackElo "2140"]
[PlyCount "74"]
[EventDate "2014.12.06"]
[EventType "swiss"]
[EventRounds "9"]
[EventCountry "RUS"]
[SourceTitle "CBM 164 Extra"]
[Source "ChessBase"]
[SourceDate "2015.03.02"]
[SourceVersion "1"]
[SourceVersionDate "2015.03.02"]
[SourceQuality "1"]

1. Nf3 d5 2. c4 c6 3. e3 Nf6 4. Nc3 e6 5. Qc2 Bd6 6. d4 Nbd7 7. b3 0-0 8. Bb2 Re8 9. Bd3 dxc4 10. bxc4 e5 11. 0-0 Qe7 12. Bf5 g6 13. Bh3 e4 14. Nd2 Nf8 15. Bxc8 Raxc8 16. Rfe1 Ng4 17. h3 Nf6 18. a4 h5 19. Qb3 Bb8 20. Nf1 Ne6 21. Ne2 h4 22. Ba3 Qd7 23. Rab1 b6 24. Red1 Ng5 25. Nf4 Qf5 26. d5 Nf3+ 27. gxf3 exf3 28. d6 Re4 29. Nh2 g5 30. d7 Rd8 31. Kh1 gxf4 32. Rg1+ Kh7 33. c5 Rxd7 34. exf4 Rxf4 35. Rbd1 Qxh3 36. Rxd7 Nxd7 37. cxb6 Rf5 0-1

[Event "RUS-ch U26"]
[Site "Saratov"]
[Date "2013.10.01"]
[Round "8"]
[White "Bukavshin, Ivan"]
[Black "Kvitka, Roman"]
[Result "1-0"]
[WhiteElo "2539"]
[BlackElo "2149"]
[PlyCount "103"]
[EventDate "2013.09.24"]
[EventType "swiss"]
[EventRounds "9"]
[EventCountry "RUS"]
[SourceTitle "EXT 2015"]
[Source "ChessBase"]
[SourceDate "2014.11.20"]
[SourceVersion "1"]
[SourceVersionDate "2014.11.20"]
[SourceQuality "1"]

1. Nf3 Nf6 2. c4 e6 3. Nc3 b6 4. d4 Bb4 5. e3 Bb7 6. Bd3 0-0 7. 0-0 Bxc3 8. bxc3 d6 9. Nd2 e5 10. e4 Nc6 11. Nb3 Re8 12. f3 h6 13. Rf2 a5 14. a4 Ba6 15. Bf1 Qe7 16. Bb2 Nb8 17. Nd2 Nbd7 18. g3 c6 19. Ba3 c5 20. d5 Nf8 21. Bd3 N6d7 22. Nf1 Bc8 23. Raa2 Ra7 24. Bc1 Ng6 25. Ne3 Nf6 26. Kh1 Nh7 27. Rae2 Qf6 28. Bc2 Ng5 29. Re1 Nh3 30. Rff1 h5 31. Qd2 Ng5 32. Bd1 Bh3 33. Rf2 Nh7 34. Rg1 Bc8 35. Nf1 h4 36. Bc2 Rae7 37. Ne3 Ngf8 38. Ng2 hxg3 39. hxg3 Qg6 40. Nh4 Qh5 41. Rh2 f6 42. g4 Qf7 43. Nf5 Rd7 44. Rh5 Ng5 45. Qh2 Ng6 46. Bxg5 fxg5 47. Rxg5 Qf6 48. Qh5 Kf7 49. Nh6+ Ke7 50. Nf5+ Kf7 51. f4 Rh8 52. Rxg6 1-0

[Event "Saratov Regional-ch"]
[Site "Saratov"]
[Date "2013.06.04"]
[Round "5"]
[White "Palin, Denis"]
[Black "Kvitka, Roman"]
[Result "1/2-1/2"]
[WhiteElo "2145"]
[BlackElo "2164"]
[PlyCount "80"]
[EventDate "2013.06.01"]
[EventType "swiss"]
[EventRounds "9"]
[EventCountry "RUS"]
[SourceTitle "EXT 2014"]
[Source "ChessBase"]
[SourceDate "2013.11.20"]
[SourceVersion "1"]
[SourceVersionDate "2013.11.20"]
[SourceQuality "1"]

1. c4 e5 2. Nc3 Nf6 3. g3 Bb4 4. Bg2 0-0 5. e4 Bxc3 6. dxc3 h6 7. Qe2 d6 8. Nf3 Be6 9. 0-0 a5 10. Nh4 Re8 11. Nf5 Bxf5 12. exf5 e4 13. f3 exf3 14. Qxf3 Nc6 15. b3 a4 16. Bf4 Qd7 17. Qd3 Ne5 18. Qc2 Ra7 19. Rad1 b6 20. Rfe1 Qc8 21. Re2 axb3 22. axb3 Ned7 23. b4 Rxe2 24. Qxe2 Ra3 25. Rc1 Qa6 26. Rc2 Ra1+ 27. Bf1 Ne5 28. c5 Qa4 29. Rd2 bxc5 30. Bxe5 dxe5 31. Qxe5 cxb4 32. Qxc7 Qb5 33. c4 Qxf5 34. Rf2 Qe4 35. Qb8+ Kh7 36. Qxb4 Ng4 37. Qc3 Nxf2 38. Qxa1 Qe3 39. Kg2 Ne4 40. Qb2 f5 1/2-1/2

[Event "Saratov Spring Cup"]
[Site "Saratov"]
[Date "2013.03.21"]
[Round "9"]
[White "Kvitka, Roman"]
[Black "Eramian, Gamlet"]
[Result "1-0"]
[WhiteElo "2149"]
[BlackElo "1995"]
[PlyCount "101"]
[EventDate "2013.03.12"]
[EventType "swiss"]
[EventRounds "9"]
[EventCountry "RUS"]
[SourceTitle "CBM 153 Extra"]
[Source "ChessBase"]
[SourceDate "2013.04.22"]
[SourceVersion "1"]
[SourceVersionDate "2013.04.22"]
[SourceQuality "1"]

1. e4 c5 2. Nf3 g6 3. d4 cxd4 4. Nxd4 Bg7 5. c4 Nc6 6. Be3 Nf6 7. Nc3 0-0 8. Be2 d6 9. 0-0 Bd7 10. Qd2 Qa5 11. Rfd1 Rfc8 12. b3 Nxd4 13. Bxd4 Bc6 14. f3 Nd7 15. Rac1 Bxd4+ 16. Qxd4 Qc5 17. f4 Rd8 18. g3 a6 19. Bf1 Rac8 20. Bh3 Rc7 21. Qxc5 Nxc5 22. e5 Ne4 23. Nxe4 Bxe4 24. Rd4 Bc6 25. Rcd1 Re8 26. exd6 exd6 27. Rxd6 Re2 28. R6d2 Rce7 29. Bf1 R2e3 30. Bg2 Bxg2 31. Kxg2 Kg7 32. Kf2 h5 33. Rc1 R3e4 34. Rcc2 Re1 35. Re2 R7xe2+ 36. Rxe2 Rh1 37. Ke3 Rd1 38. Rd2 Re1+ 39. Kd4 Re6 40. c5 Kf6 41. Kc4 Ke7 42. a3 Re1 43. b4 Ra1 44. Kb3 Rf1 45. Ka4 h4 46. Ka5 hxg3 47. hxg3 Rf3 48. Kb6 Rxg3 49. Kxb7 Rxa3 50. c6 Rb3 51. Rd4 1-0

[Event "Saratov Spring Cup"]
[Site "Saratov"]
[Date "2013.03.15"]
[Round "4"]
[White "Dmitriev, Igor"]
[Black "Kvitka, Roman"]
[Result "1-0"]
[WhiteElo "2297"]
[BlackElo "2149"]
[PlyCount "54"]
[EventDate "2013.03.12"]
[EventType "swiss"]
[EventRounds "9"]
[EventCountry "RUS"]
[SourceTitle "CBM 153 Extra"]
[Source "ChessBase"]
[SourceDate "2013.04.22"]
[SourceVersion "1"]
[SourceVersionDate "2013.04.22"]
[SourceQuality "1"]

1. g3 c5 2. c4 Nc6 3. Bg2 g6 4. Nc3 Bg7 5. d3 d6 6. Bd2 e5 7. Qc1 Be6 8. Nf3 Nge7 9. 0-0 0-0 10. Rb1 Qd7 11. Ng5 Bf5 12. e4 Be6 13. Ne2 a5 14. Be3 Nd4 15. Nxd4 cxd4 16. Nxe6 Qxe6 17. Bd2 Nc6 18. a3 Rfc8 19. Qd1 a4 20. f4 exf4 21. gxf4 Qe7 22. Qf3 Na5 23. e5 Nc6 24. Rbe1 dxe5 25. f5 f6 26. fxg6 hxg6 27. Qg3 g5 1-0

[Event "Saratov SSEU Cup"]
[Site "Saratov"]
[Date "2012.12.06"]
[Round "1"]
[White "Pasiev, Rakhim"]
[Black "Kvitka, Roman"]
[Result "1-0"]
[WhiteElo "2410"]
[BlackElo "2156"]
[PlyCount "123"]
[EventDate "2012.12.06"]
[EventType "tourn"]
[EventRounds "9"]
[EventCountry "RUS"]
[SourceTitle "CBM 152 Extra"]
[Source "ChessBase"]
[SourceDate "2013.02.25"]
[SourceVersion "1"]
[SourceVersionDate "2013.02.25"]
[SourceQuality "1"]

1. e4 c5 2. Nf3 d6 3. d4 cxd4 4. Nxd4 Nf6 5. Nc3 a6 6. Be2 e5 7. Nf3 Be7 8. 0-0 0-0 9. Re1 h6 10. h3 Be6 11. Bf1 Nbd7 12. Nd5 Nxd5 13. exd5 Bf5 14. c4 Rc8 15. b4 Nb6 16. Qb3 Qc7 17. Nd2 Bg5 18. c5 Nd7 19. Qf3 Bg6 20. cxd6 Qxd6 21. Nc4 Qf6 22. Qxf6 Bxf6 23. Be3 e4 24. Rac1 Ne5 25. Bc5 Rfd8 26. Nd6 Rb8 27. Nxe4 Bxe4 28. Rxe4 Rxd5 29. Bb6 Rd2 30. Be3 Rd5 31. Be2 Rbd8 32. g3 R8d7 33. Kg2 Kh7 34. a4 Nd3 35. Rb1 b5 36. axb5 axb5 37. h4 Bc3 38. Rb3 f5 39. Re8 Bf6 40. Rb8 Be5 41. Rb6 Ne1+ 42. Kf1 Nc2 43. Bc5 Nd4 44. Bxd4 Bxd4 45. Rxb5 Rxb5 46. Bxb5 Rd6 47. Bd3 g6 48. h5 gxh5 49. Bxf5+ Kg7 50. Be4 Bb6 51. b5 Rd2 52. Rf3 Rb2 53. Bc6 Kg6 54. Be8+ Kg5 55. Bd7 Kg6 56. Rf4 Kg5 57. Rf8 Kg6 58. Be8+ Kg7 59. Rf5 h4 60. gxh4 Kh7 61. h5 Kg7 62. Kg2 1-0

[Event "Saratov Autumn SSEU 4st stage"]
[Site "Saratov"]
[Date "2012.10.13"]
[Round "1.6"]
[White "Kvitka, Roman"]
[Black "Vdovin, Evgeny"]
[Result "1-0"]
[WhiteElo "2092"]
[BlackElo "1802"]
[PlyCount "77"]
[EventDate "2012.10.13"]
[EventType "swiss"]
[EventRounds "5"]
[EventCountry "RUS"]
[SourceTitle "EXT 2022"]
[Source "ChessBase"]
[SourceDate "2021.10.06"]
[SourceVersion "1"]
[SourceVersionDate "2021.10.06"]
[SourceQuality "1"]

1. e4 e5 2. Nf3 Nc6 3. Bb5 a6 4. Ba4 Nf6 5. 0-0 d6 6. d4 b5 7. Bb3 Be7 8. c3 0-0 9. Re1 Bb7 10. Nbd2 Re8 11. Nf1 Bf8 12. Ng3 Na5 13. Bc2 exd4 14. cxd4 Nc6 15. a4 Ne7 16. Qd3 Ng6 17. Bd2 c6 18. h4 Be7 19. h5 Nf8 20. Rad1 Bc8 21. Nh2 Be6 22. f4 Ng4 23. Qf3 Nxh2 24. Kxh2 a5 25. f5 Bd7 26. e5 d5 27. axb5 Qb6 28. bxc6 Bxc6 29. f6 Qxd4 30. fxe7 Qh4+ 31. Kg1 Qxe7 32. Bb1 a4 33. Nf5 Qd7 34. Qg3 g6 35. Nh6+ Kg7 36. Bg5 Ne6 37. Bf6+ Kxh6 38. hxg6 Qa7+ 39. Kh2 1-0

[Event "Saratov Autumn Higher School Realty"]
[Site "Saratov"]
[Date "2012.09.28"]
[Round "8.3"]
[White "Alimov, Ravil"]
[Black "Kvitka, Roman"]
[Result "1-0"]
[WhiteElo "1930"]
[BlackElo "2092"]
[PlyCount "159"]
[EventDate "2012.09.20"]
[EventType "swiss"]
[EventRounds "9"]
[EventCountry "RUS"]
[SourceTitle "EXT 2022"]
[Source "ChessBase"]
[SourceDate "2021.10.06"]
[SourceVersion "1"]
[SourceVersionDate "2021.10.06"]
[SourceQuality "1"]

1. e4 c5 2. Nf3 d6 3. d4 cxd4 4. Nxd4 Nf6 5. Nc3 a6 6. f4 e5 7. Nf3 Nbd7 8. Bd3 Be7 9. 0-0 0-0 10. Kh1 b5 11. a3 Bb7 12. Qe1 Re8 13. fxe5 dxe5 14. Qg3 Rc8 15. Bg5 Nh5 16. Qh4 Bxg5 17. Nxg5 Nhf6 18. Rae1 h6 19. Nh3 Nf8 20. Qf2 Ng6 21. Ne2 Rc7 22. Ng3 Qd4 23. Nf5 Qxf2 24. Rxf2 Ng4 25. Rf3 Rd8 26. g3 Nf8 27. Nf2 Nxf2+ 28. Rxf2 Ne6 29. Re3 Nc5 30. Kg1 f6 31. g4 Rcd7 32. Rff3 Kh7 33. Ng3 Ne6 34. h4 Rc7 35. Rf2 Nf4 36. Ne2 Ne6 37. Ng3 Bc8 38. Ne2 Kg6 39. h5+ Kh7 40. Kh2 Kg8 41. Kg3 Nc5 42. Nc3 Be6 43. Rf1 Kf7 44. Ref3 Rcd7 45. Rd1 Ke7 46. b4 Nb7 47. Be2 Rxd1 48. Bxd1 Bc4 49. Rf2 Rd4 50. Kf3 Nd8 51. Be2 Ne6 52. Ke3 Ng5 53. Bd3 Be6 54. Rg2 Kd8 55. Rg1 Kc7 56. Bxb5 axb5 57. Nxb5+ Kc6 58. Nxd4+ exd4+ 59. Kd3 Kd6 60. a4 Bd7 61. b5 Kc5 62. Rb1 Bc8 63. c3 dxc3 64. Rc1 Bxg4 65. Rxc3+ Kb6 66. Rc6+ Kb7 67. a5 Bf3 68. a6+ Kb8 69. Rc4 Nf7 70. a7+ Kxa7 71. Rc7+ Kb6 72. Rxf7 Kxb5 73. Rxg7 Bxh5 74. Rh7 Bg4 75. Rxh6 f5 76. e5 Kc5 77. Ke3 Kd5 78. Kf4 Kc5 79. Rd6 Bh3 80. Rd2 1-0

[Event "Saratov Region-ch"]
[Site "Saratov"]
[Date "2012.06.06"]
[Round "9"]
[White "Biryukov, Dmitriy"]
[Black "Kvitka, Roman"]
[Result "1-0"]
[WhiteElo "2307"]
[BlackElo "2082"]
[PlyCount "63"]
[EventDate "2012.05.29"]
[EventType "swiss"]
[EventRounds "9"]
[EventCountry "RUS"]
[SourceTitle "CBM 148 Extra"]
[Source "ChessBase"]
[SourceDate "2012.06.22"]
[SourceVersion "1"]
[SourceVersionDate "2012.06.22"]
[SourceQuality "1"]

1. e4 c5 2. b3 Nc6 3. Bb2 Nf6 4. e5 Nd5 5. Nf3 e6 6. d3 Be7 7. g3 0-0 8. c4 Nc7 9. Bg2 f6 10. Qe2 fxe5 11. Nxe5 Nxe5 12. Bxe5 d6 13. Bb2 Bf6 14. 0-0 Bxb2 15. Qxb2 e5 16. Nc3 Ne6 17. Nd5 Nd4 18. f4 Bf5 19. Qd2 exf4 20. Rxf4 Qd7 21. Raf1 Rae8 22. R4f2 b6 23. Ne3 Be6 24. Be4 Rxf2 25. Rxf2 Re7 26. Nd5 Rf7 27. Nf4 Rf8 28. Nxe6 Nxe6 29. Bd5 Re8 30. Qf4 h6 31. Qf5 Kh8 32. Re2 1-0

[Event "Saratov Region-ch"]
[Site "Saratov"]
[Date "2012.06.01"]
[Round "4"]
[White "Darenkov, Mikhail"]
[Black "Kvitka, Roman"]
[Result "0-1"]
[WhiteElo "2139"]
[BlackElo "2082"]
[PlyCount "105"]
[EventDate "2012.05.29"]
[EventType "swiss"]
[EventRounds "9"]
[EventCountry "RUS"]
[SourceTitle "CBM 148 Extra"]
[Source "ChessBase"]
[SourceDate "2012.06.22"]
[SourceVersion "1"]
[SourceVersionDate "2012.06.22"]
[SourceQuality "1"]

1. e4 c5 2. d4 cxd4 3. c3 Nf6 4. e5 Nd5 5. cxd4 d6 6. exd6 Qxd6 7. Nf3 Nc6 8. Be2 Bg4 9. 0-0 e6 10. Na3 Be7 11. Nc4 Qc7 12. Nce5 Nxe5 13. dxe5 0-0 14. Nd4 Bxe2 15. Qxe2 Rfd8 16. Rd1 Rac8 17. Bd2 Qb6 18. Qg4 Rc4 19. Bh6 g6 20. b3 Rc7 21. Ne2 Rdc8 22. Ng3 Rc2 23. Ne4 Nc3 24. Be3 Qc6 25. Nxc3 Rxc3 26. h4 h5 27. Qf4 a6 28. Kh2 Rc2 29. Rd3 Qb5 30. Rad1 R2c7 31. g4 hxg4 32. Kg3 Kg7 33. a4 Qc6 34. Qh6+ Kg8 35. Bg5 Qe4 36. Bxe7 Qxe5+ 37. Kxg4 Rxe7 38. Rd8+ Re8 39. Rxe8+ Rxe8 40. Qc1 Qf5+ 41. Kg3 e5 42. Rd6 Rc8 43. Qd2 Kg7 44. Qe3 Rh8 45. f3 Rh5 46. Qe4 Qc8 47. Qe3 Qc7 48. Qb6 Qc1 49. Qb4 Qg1+ 50. Kh3 Qh1+ 51. Kg3 Qg1+ 52. Kh3 g5 53. Rg6+ 0-1

[Event "Saratov SSEU Cup 2nd Stage"]
[Site "Saratov"]
[Date "2012.05.12"]
[Round "2"]
[White "Smirnov, Alexandr A"]
[Black "Kvitka, Roman"]
[Result "1-0"]
[WhiteElo "2173"]
[BlackElo "2082"]
[PlyCount "57"]
[EventDate "2012.05.11"]
[EventType "swiss"]
[EventRounds "9"]
[EventCountry "RUS"]
[SourceTitle "EXT 2020"]
[Source "ChessBase"]
[SourceDate "2019.10.17"]
[SourceVersion "1"]
[SourceVersionDate "2019.10.17"]
[SourceQuality "1"]

1. e4 c5 2. Nf3 d6 3. Bc4 Nf6 4. e5 dxe5 5. Nxe5 e6 6. Qe2 Be7 7. b3 0-0 8. Bb2 Nbd7 9. f4 Nb6 10. Bd3 Nbd5 11. 0-0 Nb4 12. Nc3 Nxd3 13. Nxd3 b6 14. Rae1 Re8 15. Ne5 Bb7 16. Nd1 Qc7 17. Ne3 Rad8 18. d3 Nd5 19. f5 Nxe3 20. fxe6 f6 21. Qxe3 Bd6 22. Ng4 Bd5 23. Rxf6 Bxh2+ 24. Kh1 Qg3 25. Qxg3 Bxg3 26. Rf7 Bxg2+ 27. Kxg2 Bxe1 28. Rxg7+ Kh8 29. Re7+ 1-0

[Event "Saratov-ch"]
[Site "Saratov"]
[Date "2012.03.02"]
[Round "7"]
[White "Kvitka, Roman"]
[Black "Lamikhov, Jury"]
[Result "1-0"]
[WhiteElo "1994"]
[BlackElo "1932"]
[PlyCount "79"]
[EventDate "2012.02.24"]
[EventType "swiss"]
[EventRounds "9"]
[EventCountry "RUS"]
[SourceTitle "CBM 147 Extra"]
[Source "ChessBase"]
[SourceDate "2012.04.24"]
[SourceVersion "1"]
[SourceVersionDate "2012.04.24"]
[SourceQuality "1"]

1. e4 e6 2. d4 d5 3. Nc3 Bb4 4. Nge2 dxe4 5. a3 Bxc3+ 6. Nxc3 Nf6 7. Bg5 Nbd7 8. Nxe4 h6 9. Bh4 a6 10. Bd3 b5 11. 0-0 Bb7 12. Re1 g5 13. Bg3 Nxe4 14. Bxe4 Bxe4 15. Rxe4 Nf6 16. Re1 Rg8 17. Be5 Rg6 18. b3 Kf8 19. c4 c6 20. Qf3 Rc8 21. a4 g4 22. Qc3 bxc4 23. bxc4 Kg8 24. Rab1 c5 25. dxc5 Nd7 26. Red1 Qe8 27. Bf4 Nxc5 28. a5 f6 29. Qc2 e5 30. Be3 Qf7 31. Qf5 Ne6 32. Rd6 Re8 33. Rxa6 Nd4 34. Bxd4 exd4 35. g3 Rd8 36. Rd1 Kg7 37. Qe4 Rg5 38. Rxd4 Re8 39. Qc6 Rge5 40. Rxg4+ 1-0